<?xml version="1.0" encoding="UTF-8"?>
<marc:record xmlns:marc="http://www.loc.gov/MARC21/slim">
   <marc:leader>00000nam a2200000 a 4500</marc:leader>
   <marc:datafield ind1="1" ind2=" " tag="100">
      <marc:subfield code="a">Neumayer, Lilo</marc:subfield>
      <marc:subfield code="4">aut</marc:subfield>
      <marc:subfield code="e">Verfasser/-in</marc:subfield>
   </marc:datafield>
   <marc:datafield ind1="0" ind2="0" tag="245">
      <marc:subfield code="a">Eseladvent</marc:subfield>
   </marc:datafield>
   <marc:datafield ind1=" " ind2="1" tag="264">
      <marc:subfield code="c">2022</marc:subfield>
   </marc:datafield>
   <marc:datafield ind1="1" ind2=" " tag="520">
      <marc:subfield code="a">Im letzten Jahr hat die kleine Eselin Mimi auf dem Hof der Familie Schneckberger zum ersten Mal die Weihnachtszeit erlebt und freut sich nun schon sehr darauf. Und tatsächlich wird es in diesem Jahr noch viel spannender. Eines Abends bemerkt Mimi drei funkelnde Lichter, die auf den Stall zukommen. Ob das das Christkind ist? Leider nein, aber es ist ein Minipony mit einem funkelnden Halsband. Der kleine Alfredo ist aus dem Streichelzoo ausgebüxt und wird bereits gesucht. Familie Schneckberger hat von dem Zoo gehört und mitbekommen, dass sie kein Geld für Futter haben und beschliesst, dem notleidenden Streichelzoo zu helfen. Sie sammeln Spenden im Dorf und auch die Tiere dürfen in die umliegenden Ställe ziehen, wo sie es warm haben. Alfredo bleibt natürlich bei Mimi und die beiden haben viel Spass zusammen. Erneut eine warmherzige Geschichte, die von den niedlichen Illustrationen perfekt begleitet wird. Schon das Cover mit den beiden kuscheligen Hauptdarstellern und den Glitzersternen ist sehr ansprechend. Ab 3</marc:subfield>
   </marc:datafield>
   <marc:datafield ind1=" " ind2=" " tag="020">
      <marc:subfield code="a">9783707425154</marc:subfield>
      <marc:subfield code="9">9783707425154</marc:subfield>
   </marc:datafield>
</marc:record>
